Hybridná vojna – vojna 21. storočia
Hybridná vojna predstavuje v posledných rokoch jeden z najpoužívanejších pojmov vo sfére vojenstva a bezpečnosti, a čiastočne aj politiky a medzinárodných vzťahov, zvlášť po vypuknutí konfliktu na Ukrajine. Čoraz častejšie sa objavuje nielen vo vedeckých alebo odborných publikáciách, štúdiách či člá...
Gespeichert in:
| 1. Verfasser: | |
|---|---|
| Format: | Buchkapitel |
| Sprache: | Slowakisch |
| Schlagworte: | |
| Tags: |
Keine Tags, Fügen Sie das erste Tag hinzu!
|
MARC
| LEADER | 00000nla a2200000 4500 | ||
|---|---|---|---|
| 001 | 0223112 | ||
| 005 | 20240417075108.7 | ||
| 041 | 0 | |a slo | |
| 044 | |a SK | ||
| 245 | 1 | 0 | |a Hybridná vojna – vojna 21. storočia |c Radoslav Ivančík |
| 520 | |a Hybridná vojna predstavuje v posledných rokoch jeden z najpoužívanejších pojmov vo sfére vojenstva a bezpečnosti, a čiastočne aj politiky a medzinárodných vzťahov, zvlášť po vypuknutí konfliktu na Ukrajine. Čoraz častejšie sa objavuje nielen vo vedeckých alebo odborných publikáciách, štúdiách či článkoch z oblasti vojenstva a bezpečnosti, ale tiež v rôznych časopisoch, správach a debatách mimo vojenskú a bezpečnostnú komunitu. Hybridná vojna nie je žiadny nový fenomén, je známa už veľa rokov, avšak po ruskej anexii Krymu je tento pojem oveľa populárnejší a častejšie používaný. | ||
| 610 | 2 | 0 | |a vojna studená |
| 610 | 2 | 0 | |a Rusko |
| 610 | 2 | 0 | |a Ukrajina |
| 610 | 2 | 0 | |a pojmy |
| 610 | 2 | 0 | |a politika bezpečnostná |
| 610 | 2 | 0 | |a politika medzinárodná |
| 100 | 1 | |a Ivančík, Radoslav | |